00512nam a2200181Ia 4500003000400000005001700004008004100021020001500062040001800077041000800095082002200103100002000125245005800145250001200203260006600215300002700281650002200308OSt20220711193215.0210716s2002 xx 000 0 und d a0074630490 cAIMIT LIBRARY aeng a006.671 21bBALE aBalagurusamy E. aProgramming with java: bprimer /cBy E Balagurusamy. a1st ed. aNew Delhi :bTata McGraw Hill Publishing Company Ltd ,c2002. axx,343p. ;bPBc24 cm. aJava Programming.